Flughafencodes Afrika #2 - Statistiken

Allgemein
  • Dieses Quiz wurde 50 mal gespielt
  • Das Durchschnittsergebnis liegt bei 14 aus 15
Antwortstatistiken
Hint Antwort % Korrekt
Khartoum KRT
100%
Libreville LBV
100%
Mombasa MBA
100%
Abidjan ABJ
97%
Algier ALG
97%
Bamako BKO
97%
Djerba DJE
97%
Harare HRE
97%
Tanger TNG
97%
Kapstadt CPT
95%
Hurghada HRG
95%
Luxor LXR
95%
Bloemfontein BFN
92%
Brazzaville BZV
92%
Marrakesch RAK
89%
Keine übereinstimmenden Quizze gefunden
Verteilung der Resultate
Anzahl Personen mit jedem Resultat
Perzentil nach korrekt beantworteten Fragen
Ihre Resultats-Entwicklung
Sie haben dieses Quiz noch nicht gespielt